000 00233nam a2200097Ia 4500
008 190216s9999||||xx |||||||||||||| ||und||
100 _aGopinathan Nair T N
245 0 _aMalayalam-Parivarthanam
260 _bCurrent Books
942 _cBK
999 _c30309
_d30309